| 000 | 00560cam a2200193 a 4500 | ||
|---|---|---|---|
| 001 | 000008031 | ||
| 005 | 20200929154412.0 | ||
| 008 | 940706s1992 sp 001 0 spa | ||
| 020 | _a8432246832 | ||
| 040 |
_aDO-SdBNP _bspa _cLC _dBNPHU |
||
| 082 |
_a863.64 _bR896s |
||
| 100 | 1 |
_aRubio, Fanny, _d1949- _921937 |
|
| 245 | 1 | 3 |
_aLa sal del chocolate / _cFanny Rubio. |
| 260 |
_aBarcelona : _bSeix Barral, _c1992. |
||
| 300 |
_a237 p. ; _c20 cm. |
||
| 650 | 4 |
_aNovela española _91123 |
|
| 650 | 4 |
_aLiteratura española _9632 |
|
| 910 | _aCatalogación por copia / LC | ||
| 999 |
_c7808 _d7808 |
||